Dynamics of industrial relations (Record no. 111178)

MARC details
000 -LEADER
fixed length control field 00391nam a2200157Ia 4500
008 - FIXED-LENGTH DATA ELEMENTS--GENERAL INFORMATION
fixed length control field 230917s9999||||xx |||||||||||||| ||und||
040 ## - CATALOGING SOURCE
-- 102508
Original cataloging agency VIVEKANANDA LIBRARY
041 ## - Language
-- English
082 ## - DDC NUMBER
Classification number 658.3 M311M
100 ## - MAIN ENTRY--PERSONAL NAME
Personal name Mamoria, C B
245 #0 - TITLE STATEMENT
Title Dynamics of industrial relations
250 ## - EDITION STATEMENT
Edition statement 14th ed.
260 ## - PUBLICATION, DISTRIBUTION, ETC. (IMPRINT)
Place of publication, distribution, etc Delhi
Name of publisher, distributor, etc Himalaya Publishing House
Date of publication, distribution, etc 2003
300 ## - PHYSICAL DESCRIPTION
Pages 891 p.
942 ## - ADDED ENTRY ELEMENTS (KOHA)
Koha item type Books
Holdings
Withdrawn status Lost status Damaged status Not for loan Location (home branch) Sublocation or collection (holding branch) Shelving location Date acquired Koha issues (times borrowed) Koha full call number Accession No. Koha date last seen Koha item type Source of classification or shelving scheme
        VIVEKANANDA LIBRARY VIVEKANANDA LIBRARY IMSAR Library 11/08/2004   658.3 M311M 199026 17/09/2023 Books  
        VIVEKANANDA LIBRARY VIVEKANANDA LIBRARY IMSAR Library 11/08/2004   658.3 M311M 199027 17/09/2023 Books  
        VIVEKANANDA LIBRARY VIVEKANANDA LIBRARY IMSAR Library 11/08/2004   658.3 M311M 199028 17/09/2023 Books  
Withdrawn   Damaged   VIVEKANANDA LIBRARY VIVEKANANDA LIBRARY IMSAR Library 11/08/2004   658.3 M311M 199029 17/09/2023 Books Dewey Decimal Classification
© Designed and Maintained by Vivekananda Library, MDU Rohtak